Computer Vision -- ACCV 2009 : 9th Asian Conference on Computer Vision, Xi'an, China, September 23-27, 2009, Revised Selected Papers, Part III /

Saved in:
Bibliographic Details
Main Author: Hongbin Zha, Rin-ichiro Taniguchi, Stephen Maybank (edición)
Format: Book
Language:English
Published: Berlín, Alemania : Springer, 2010, c2010
Series:(Lecture Notes in Computer Science)
Online Access:Ver documento en línea
Tags: Add Tag
No Tags, Be the first to tag this record!

MARC

LEADER 00000nam^a22000000a04500
001 000608260
009 20260417195516.26
020 |a 978-3-642-12297-2 
022 |a 1611-3349 
037 |a Acervo ITESO - Biblioteca 
041 |a ING 
082 |a Libro en línea 
100 |a Hongbin Zha, Rin-ichiro Taniguchi, Stephen Maybank  |e (edición) 
245 |a Computer Vision -- ACCV 2009 :  |b 9th Asian Conference on Computer Vision, Xi'an, China, September 23-27, 2009, Revised Selected Papers, Part III / 
264 4 |a Berlín, Alemania :  |b Springer,  |c 2010, c2010 
264 2 |a Cham, Suiza :  |b Springer Link [distribución],  |c 2025 
300 |a 1 libro electrónico en línea (XX, 684 p.) 
300 |a 1 recurso en línea 
336 |a datos para computadora  |b cod  |2 rdacontenido 
337 |a computadora  |b c  |2 rdamedio 
338 |a recurso en línea  |b cr  |2 rdasoporte 
440 |a (Lecture Notes in Computer Science) 
506 0 |a Licencias ilimitadas 
567 |a Catalogación rápida 
649 |a XX 
856 4 0 |u https://link-springer-com.ezproxy.iteso.mx/10.1007/978-3-642-12297-2  |y Ver documento en línea 
910 |a Fondo General 
920 |a Electrónicos - Libros en Línea 
930 |a Plataforma Digital 
905 |a 205 
902 |a https://opac.biblio.iteso.mx/vufind/Record/000608260